00334pab a2200121 454500008004000000100001600040245006600056260000900122300001600131362001100147650002000158773003400178180718b2003 xxu||||| |||| 00| 0 eng d aPriya, Ritu aHealth services and HIV treatment: complex issues and options c2003 ap.5227-232. a13 Dec aHealth services aEconomic and Political Weekly